000 00335nas a2200121 4500
005 20211102121345.0
008 211102b ||||| |||| 00| 0 eng d
022 _a0972-9682
040 _c
245 _aJournal of the school of language literature & culture studies
260 _aJawharlal Nehru University
_b2020
942 _2ddc
_cPR
999 _c220335
_d220335